20 Most common Nationalities in the German Bundesliga - Statistics

General Stats
  • This quiz has been taken 45 times
  • The average score is 16 of 20
Answer Stats
Number of Players Nation % Correct
27 Austria
98%
6 Spain
98%
18 Denmark
95%
32 France
95%
306 Germany
95%
15 Switzerland
93%
8 Brazil
90%
6 Poland
90%
6 England
88%
7 Argentina
85%
12 Belgium
85%
10 Netherlands
85%
11 Portugal
85%
10 United States
83%
10 Croatia
78%
8 Turkey
78%
10 Japan
68%
6 Nigeria
65%
8 Bosnia and Herzegovina
60%
6 Kosovo
28%
No matching quizzes found
Score Distribution
Percent of People with Each Score
Percentile by Number Answered
Your Score History
You have not taken this quiz